000 00362nam a2200145Ia 4500
008 240729s9999 xx 000 0 und d
022 _a2220-1009
245 0 _aJEMDSA
260 _aSouth Africa
260 _bMedpharm Publications
650 _aMedicine
856 _uhttps://doaj.org/toc/b61eab381c274eeaa7da146b22b7dbe8
942 _2ddc
942 _cDOAJEJ
999 _c73233
_d73233
945 _a1
_bMadushi Gamage
_c1
_dMadushi Gamage